Loading...
Enterprise Resource Planning:Concepts and Practice/ed.2
| Main Author: | |
|---|---|
| Format: | Printed Book |
| Published: |
New Delhi:
PHI;
2005.
|
| LEADER | 00434nam a22001217a 4500 | ||
|---|---|---|---|
| 082 | |a 658 | ||
| 100 | |a Garg,Vinod Kumar and Venkitakrishnan,N.K. | ||
| 245 | |a Enterprise Resource Planning:Concepts and Practice/ed.2 | ||
| 260 | |a New Delhi: |b PHI; |c 2005. | ||
| 300 | |a 185p. | ||
| 942 | |c BK | ||
| 999 | |c 263514 |d 263514 | ||
| 952 | |0 0 |1 0 |4 0 |6 658_000000000000000_GAR_E |7 0 |9 298652 |a CCS |b CCS |c GEN |d 2016-07-12 |g 0.00 |l 0 |o 658 GAR/E |p CCS2637 |r 2016-08-30 |w 2016-08-30 |y BK | ||